000 00458nam a2200181Ia 4500
001 17581
005 20260306171527.0
008 260306s9999||||xx |||||||||||||| ||und||
041 _aESP
082 _a658.049
_bH64
100 _aHodgetts, Richard M.
_eAUT
245 0 _aInternational management:
_bculture, strategy, and behavior
260 _c2006
300 _a607 páginas :
_c28 cm.
650 _aGEN
654 _aCAN
942 _cLIB
_dJUS
_fJUS
_2ddc
_n
999 _c17581
_d17581